000 00717nam a22002297a 4500
005 20170124105928.0
010 _aA-709419
020 _c125.00
_a8174350098
035 _aA-709419
037 _bCen Lib/Ret
040 _aDPL
_bEN
082 _a340.59
_bHAS
100 _aHasan, Ahmed
_97280
245 _aThe early development of islamic jurisprudence /
_cby Ahmed Hasan
260 _aDelhi
_bAdam Publishers
_c1994
270 _bDelhi
_aShandar Market, Chitli Qaber
_e110006
300 _axiii, 234p.
_c20cm(Hb)
500 _aIncludes bibliographical references and index
650 _aIslamic law -- History
_z
_972158
650 _aIslamic law
_92027
942 _2ddc
_cEN
_h340.59
_mHAS
999 _c123630
_d123630